000 00311nam a22001337a 4500
008 170615b xxu||||| |||| 00| 0 eng d
020 _a9781848852617
041 _aeng
080 _a32
100 _a19
101 _ashp
245 _aTHE GREATER MIDDLE EAST AND THE COLD WAR
_cBARRETT, R.C
942 _2udc
_cBK
999 _c17644
_d17644